Tạp chí Hán Nôm
Saved in:
| Main Author: | |
|---|---|
| Format: | Book |
| Language: | Undetermined |
| Published: |
Hà Nội
|
| Subjects: | |
| Online Access: | http://lrc.tdmu.edu.vn/opac/search/detail.asp?aID=2&ID=6892 |
| Tags: |
Add Tag
No Tags, Be the first to tag this record!
|
| Institutions: | Trung tâm Học liệu Trường Đại học Thủ Dầu Một |
|---|
| LEADER | 00605nam a2200157Ia 4500 | ||
|---|---|---|---|
| 001 | TDMU_6892 | ||
| 008 | 210410s9999 xx 000 0 und d | ||
| 082 | |a NULL | ||
| 100 | |a Viện Nghiên cứu Hán Nôm | ||
| 245 | 0 | |a Tạp chí Hán Nôm | |
| 245 | 0 | |c Viện Nghiên cứu Hán Nôm. Viện Khoa học Xã hội Việt Nam | |
| 260 | |a Hà Nội | ||
| 300 | |a 85tr | ||
| 650 | |a Tạp chí Hán Nôm; Tạp chí chuyên ngành | ||
| 856 | |u http://lrc.tdmu.edu.vn/opac/search/detail.asp?aID=2&ID=6892 | ||
| 980 | |a Trung tâm Học liệu Trường Đại học Thủ Dầu Một | ||